000
00216nam a22000857a 4500
008
160718b xxu||||| |||| 00| 0 eng d
100
_9
3035
_a
Aggarwal
245
_a
Mathematics-8
260
_a
New Delhi
_b
B.B Publication
_c
2012
999
_c
2598
_d
2598